| 000 | 01082nam a2200229Ia 4500 | ||
|---|---|---|---|
| 003 | OSt | ||
| 005 | 20210609113710.0 | ||
| 008 | 210310q1999 ve ao gr 000 0 spa d | ||
| 040 |
_aCO-JMCR _cCO-JMCR |
||
| 041 | 0 | _aspa | |
| 082 | 0 | 4 |
_a333.72 / _bC733a _223 |
| 110 | 2 |
_aComisión de Medio Ambiente y Desarrollo de América Latina y el Caribe _938229 |
|
| 245 | 1 | 0 |
_aAmanecer en los Andes / _cComisión de Medio Ambiente y Desarrollo de América Latina y el Caribe |
| 260 |
_aCaracas : _cCorporación Andina de Fomento, _b[1999] |
||
| 300 |
_a177 páginas : _bilustraciones y fotografías a color y a blanco y negro ; _c23 cm. |
||
| 504 | _aBibliografía: páginas 171-177 | ||
| 505 | 0 | _aLos Andes: espina dorsal de América del Sur -- El patrimonio cultural de los Andes -- Los Andes en el contexto Regional -- Los desafíos andinos -- Estrategias para el desarrollo sostenible andino | |
| 650 | 1 | 4 |
_aDesarrollo sostenible _915912 _zAmérica Latina |
| 650 | 2 | 4 |
_aPolítica ambiental _zAmérica Latina _938230 |
| 650 | 2 | 4 |
_aCalidad de vida _zAmérica Latina _938231 |
| 942 |
_2ddc _cBK |
||
| 999 |
_c7952 _d7952 |
||